01068nam a2200253Ia 4500003000900000008004100009040001600050080002200066111011300088245018000201260004100381300001400422490003000436650003900466650004100505650002700546700003000573700002700603700002900630710003500659942000700694999001500701952009800716IN-BaIIA211028s9999 xx 000 0 eng d cIIA Library a520.2(082.2)bESO aESA/ESO Workshop on Astronomical Uses of the Space TelescopecSwitzerlandd1982 Mar. 29- Apr. 30912557 0aAstronomical uses of the space telescopebproceedings of ESA/ ESO workshop held at Geneva, Switzerland, 12-14 February 1979cedited by F. Macchetto, F. Pacini and M. Tarenghi. aGermanybEuropean Space Agencyc1979 axx, 407p. aESO coference proceedings aAstronomical instrumentation93629 aAstronomy and astrophysics thesaurus aSpace telescope912558 aMacchetto, F., ed.912559 aPacini, F., ed.910101 aTarenghi, M., ed.911253 aEuropean Space Agency912560 cBK c7325d7325 00104070aBANbBANcGENd1983-04-07l0o520.2(082.2)/ ESOp8132r2021-11-05w1983-04-07yBK